Statistics for Connacht Schools Rugby Senior Cup Winners

Click here to take the quiz!

General Stats

  • This quiz has been taken 10 times
    (2 since last reset)
  • The average score is 85 of 96

Answer Stats

YearSchoolCounty% Correct
1924Cloáíste Iognáid (Jes)Galway
100%
1928Coláiste Iognáid (Jes)Galway
100%
2006Coláiste Iognáid (Jes)Galway
100%
2008Coláiste Iognáid (Jes)Galway
100%
2009Coláiste Iognáid (Jes)Galway
100%
1927Coláiste Iognáid (Jes)Galway
100%
2011Coláiste Iognáid (Jes)Galway
100%
2002Coláiste Iognáid (Jes)Galway
100%
1925Coláíste Iognáid (Jes)Galway
100%
1979Coláiste Iognáid (Jes)Galway
100%
2016Coláiste Iognáid (Jes)Galway
100%
2017Coláiste Iognáid (Jes)Galway
100%
1985Coláíste Iognáid (Jes)Galway
100%
2005Coláiste Iognáid (Jes)Galway
100%
1984Garbally CollegeGalway
100%
1986Garbally CollegeGalway
100%
1983Garbally CollegeGalway
100%
1987Garbally CollegeGalway
100%
1913Garbally CollegeGalway
100%
1982Garbally CollegeGalway
100%
1989Garbally CollegeGalway
100%
1978Garbally CollegeGalway
100%
1914Garbally CollegeGalway
100%
1974Garbally CollegeGalway
100%
1988Garbally CollegeGalway
100%
1998Garbally CollegeGalway
100%
1990Garbally CollegeGalway
100%
1991Garbally CollegeGalway
100%
1992Garbally CollegeGalway
100%
1995Garbally CollegeGalway
100%
1996Garbally CollegeGalway
100%
1997Garbally CollegeGalway
100%
1972Garbally CollegeGalway
100%
2001Garbally CollegeGalway
100%
2007Garbally CollegeGalway
100%
2015Garbally CollegeGalway
100%
2018Garbally CollegeGalway
100%
2019Garbally CollegeGalway
100%
2020Garbally CollegeGalway
100%
1973Garbally CollegeGalway
100%
1976Garbally CollegeGalway
100%
1950Garbally CollegeGalway
100%
1956Garbally CollegeGalway
100%
1931Garbally CollegeGalway
100%
1936Garbally CollegeGalway
100%
1937Garbally CollegeGalway
100%
1938Garbally CollegeGalway
100%
1916Garbally CollegeGalway
100%
1939Garbally CollegeGalway
100%
1915Garbally CollegeGalway
100%
1942Garbally CollegeGalway
100%
1949Garbally CollegeGalway
100%
1929Garbally CollegeGalway
100%
1953Garbally CollegeGalway
100%
1955Garbally CollegeGalway
100%
1952Garbally CollegeGalway
100%
1957Garbally CollegeGalway
100%
1926Garbally CollegeGalway
100%
1958Garbally CollegeGalway
100%
2021N/AN/A
100%
2003Sligo GrammarSligo
100%
1961Sligo Grammar SchoolSligo
100%
1963Sligo Grammar SchoolSligo
100%
1962Sligo Grammar SchoolSligo
100%
2010Sligo Grammar SchoolSligo
100%
1969Sligo Grammar SchoolSligo
100%
2014Sligo Grammar SchoolSligo
100%
1980Sligo Grammar SchoolSligo
100%
1994St Joseph's College (Bish)Galway
100%
1993St Joseph's College (Bish)Galway
100%
1960St Joseph's College (Bish)Galway
100%
1981St Joseph''s College (Bish)Galway
100%
1918St Joseph's College (Bish)Galway
100%
1954St Joseph's College (Bish)Galway
100%
1965St Joseph's College (Bish)Galway
100%
1959St Joseph's College (Bish)Galway
100%
1922St Joseph's College (Bish)Galway
100%
1965St Joseph's College (Bish)Galway
100%
1932St Joseph's College (Bish)Galway
100%
1970St Joseph's College (Bish)Galway
100%
1930St Joseph's College (Bish)Galway
100%
1941Galway Grammar SchoolGalway
50%
1977Marist CollegeWestmeath
50%
2012Marist CollegeWestmeath
50%
2013Marist CollegeWestmeath
50%
2022Sligo Grammar SchoolSligo
50%
2022Sligo Grammar SchoolSligo
50%
2000Sligo Grammar SchoolSligo
50%
1999Sligo Grammar SchoolSligo
50%
1975Clifden Community SchoolGalway
0%
1951CollegiansGalway
0%
1940Garbally CollegeGalway
0%
1923RanelaghWestmeath
0%
1919RanelaghWestmeath
0%
2004St Saran's CollegeOffaly
0%
1966Wilson HospitalWestmeath
0%

Score Distribution

Percentile by Number Answered

Percent of People with Each Score

Your Score History

You have not taken this quiz since the last reset